Statistiche per Comuni della Sicilia (con mappa)

Clicka qui per fare il quiz!

Statistiche generali

  • Questo quiz è stato fatto 2.470 volte
  • Il punteggio medio è 126 su 391

Risposte nella Mappa

Le risposte nella mappa del quiz sottostante sono codificate secondo una scala di colori dal rosso al verde in base alla % di persone che hanno risposto correttamente.
 

Statistiche sulle risposte

Comune% Corretto
Messina
87%
Palermo
87%
Catania
85%
Agrigento
83%
Enna
83%
Ragusa
83%
Siracusa
82%
Trapani
82%
Caltanissetta
81%
Gela
70%
Marsala
69%
Taormina
66%
Acireale
65%
Cefalù
65%
Lipari
65%
Mazara del Vallo
64%
Milazzo
63%
Noto
62%
Pantelleria
61%
Corleone
58%
Modica
58%
Bagheria
57%
Barcellona Pozzo di Gotto
57%
Aci Castello
55%
Alì
55%
Caltagirone
55%
Erice
55%
Favignana
55%
Sciacca
55%
Canicattì
54%
Licata
54%
Monreale
54%
San Vito Lo Capo
54%
Bronte
53%
Giardini-Naxos
53%
Vittoria
53%
Capaci
52%
Pachino
52%
Augusta
50%
Capo d'Orlando
50%
Giarre
50%
Termini Imerese
49%
Ustica
49%
Alcamo
48%
Castelvetrano
48%
Lentini
48%
Piazza Armerina
48%
Porto Empedocle
48%
Avola
47%
Paternò
47%
Patti
47%
Zafferana Etnea
47%
Carini
46%
Castellammare del Golfo
46%
Cinisi
45%
Misterbianco
45%
Nicosia
44%
Partinico
44%
Aci Catena
43%
Isola delle Femmine
43%
Lampedusa e Linosa
43%
Pozzallo
42%
Scicli
42%
Comiso
41%
Favara
41%
Menfi
41%
Piana degli Albanesi
41%
Aci Sant'Antonio
40%
Cammarata
40%
Ficarra
40%
Gangi
40%
Ispica
40%
Niscemi
40%
Sant'Agata di Militello
40%
Adrano
39%
Biancavilla
39%
Caccamo
39%
Campobello di Mazara
39%
Castelbuono
39%
Petralia Soprana
39%
Portopalo di Capo Passero
39%
Caronia
38%
Nicolosi
38%
Petralia Sottana
38%
Randazzo
38%
Ribera
38%
Santo Stefano di Camastra
38%
Carlentini
37%
Mascalucia
37%
Agira
36%
Butera
36%
Letojanni
36%
Misilmeri
36%
Mussomeli
36%
Palma di Montechiaro
36%
Salemi
36%
Troina
36%
Aragona
35%
Belpasso
35%
Caltabellotta
35%
Campofelice di Roccella
35%
Gibellina
35%
Mistretta
35%
Terrasini
35%
Alimena
34%
Balestrate
34%
Brolo
34%
Campobello di Licata
34%
Floridia
34%
Grammichele
34%
Leonforte
34%
Linguaglossa
34%
Mazzarino
34%
Naro
34%
Paceco
34%
Partanna
34%
Pietraperzia
34%
Ramacca
34%
Ravanusa
34%
San Cataldo
34%
San Giuseppe Jato
34%
Acate
33%
Aci Bonaccorsi
33%
Alia
33%
Altavilla Milicia
33%
Calatafimi Segesta
33%
Custonaci
33%
Ficarazzi
33%
Gioiosa Marea
33%
Motta Sant'Anastasia
33%
Palazzolo Acreide
33%
Riposto
33%
Santa Croce Camerina
33%
Siculiana
33%
Tusa
33%
Acquedolci
32%
Altofonte
32%
Calascibetta
32%
Fiumefreddo di Sicilia
32%
Gravina di Catania
32%
Lercara Friddi
32%
Milo
32%
Palagonia
32%
Pollina
32%
Racalmuto
32%
Regalbuto
32%
Trabia
32%
Valderice
32%
Valguarnera Caropepe
32%
Villabate
32%
Vizzini
32%
Aliminusa
31%
Barrafranca
31%
Bolognetta
31%
Camastra
31%
Casteldaccia
31%
Cerda
31%
Delia
31%
Francofonte
31%
Geraci Siculo
31%
Mineo
31%
Novara di Sicilia
31%
Raffadali
31%
Riesi
31%
Rosolini
31%
Santa Flavia
31%
Scordia
31%
Bivona
30%
Burgio
30%
Calatabiano
30%
Canicattini Bagni
30%
Contessa Entellina
30%
Giarratana
30%
Mascali
30%
Militello in Val di Catania
30%
Montalbano Elicona
30%
Naso
30%
Petrosino
30%
Priolo Gargallo
30%
San Fratello
30%
San Giovanni la Punta
30%
Sutera
30%
Aidone
29%
Alì Terme
29%
Casteltermini
29%
Catenanuova
29%
Centuripe
29%
Falcone
29%
Isnello
29%
Joppolo Giancaxio
29%
Lascari
29%
Mazzarrone
29%
Oliveri
29%
Poggioreale
29%
Roccalumera
29%
Sambuca di Sicilia
29%
Bisacquino
28%
Buscemi
28%
Cesarò
28%
Malfa
28%
Palazzo Adriano
28%
Pedara
28%
Polizzi Generosa
28%
Prizzi
28%
San Mauro Castelverde
28%
Santa Margherita di Belice
28%
Santa Ninfa
28%
Sommatino
28%
Tremestieri Etneo
28%
Acquaviva Platani
27%
Alessandria della Rocca
27%
Assoro
27%
Borgetto
27%
Caltavuturo
27%
Castelmola
27%
Castiglione di Sicilia
27%
Castrofilippo
27%
Castronovo di Sicilia
27%
Cefalà Diana
27%
Chiaramonte Gulfi
27%
Collesano
27%
Floresta
27%
Furci Siculo
27%
Furnari
27%
Grotte
27%
Milena
27%
Montelepre
27%
Nizza di Sicilia
27%
Pace del Mela
27%
Piedimonte Etneo
27%
Raddusa
27%
Realmonte
27%
Resuttano
27%
Salaparuta
27%
San Giovanni Gemini
27%
Sant'Alfio
27%
Sant'Angelo Muxaro
27%
Torretta
27%
Tortorici
27%
Trappeto
27%
Trecastagni
27%
Vita
27%
Buccheri
26%
Capizzi
26%
Cattolica Eraclea
26%
Ferla
26%
Forza d'Agrò
26%
Francavilla di Sicilia
26%
Itala
26%
Lucca Sicula
26%
Maletto
26%
Marianopoli
26%
Marineo
26%
Melilli
26%
Mezzojuso
26%
Rometta
26%
Santo Stefano Quisquina
26%
Blufi
25%
Capri Leone
25%
Castroreale
25%
Chiusa Sclafani
25%
Leni
25%
Licodia Eubea
25%
Misiliscemi
25%
Roccapalumba
25%
San Cono
25%
Santa Elisabetta
25%
Santa Lucia del Mela
25%
Santa Marina Salina
25%
Santa Teresa di Riva
25%
Santa Venerina
25%
Scillato
25%
Sortino
25%
Torregrotta
25%
Villafranca Tirrena
25%
Villalba
25%
Villarosa
25%
Belmonte Mezzagno
24%
Buseto Palizzolo
24%
Campofelice di Fitalia
24%
Castell'Umberto
24%
Cerami
24%
Cianciana
24%
Ciminna
24%
Gratteri
24%
Montallegro
24%
Montevago
24%
Raccuja
24%
San Filippo del Mela
24%
San Gregorio di Catania
24%
Sant'Alessio Siculo
24%
Sant'Angelo di Brolo
24%
Savoca
24%
Serradifalco
24%
Solarino
24%
Vallelunga Pratameno
24%
Valverde
24%
Alcara Li Fusi
23%
Campofiorito
23%
Gaggi
23%
Monterosso Almo
23%
Motta d'Affermo
23%
Piraino
23%
San Biagio Platani
23%
San Cipirello
23%
Scaletta Zanclea
23%
Sclafani Bagni
23%
Torrenova
23%
Ucria
23%
Vicari
23%
Baucina
22%
Bompensiere
22%
Bompietro
22%
Calamonaci
22%
Camporeale
22%
Castellana Sicula
22%
Comitini
22%
Condrò
22%
Giuliana
22%
Maniace
22%
Militello Rosmarino
22%
Montedoro
22%
Pettineo
22%
Ragalna
22%
San Piero Patti
22%
Sant'Agata li Battiati
22%
Santa Maria di Licodia
22%
Spadafora
22%
Viagrande
22%
Villafrati
22%
Campofranco
21%
Castel di Lucio
21%
Fiumedinisi
21%
Galati Mamertino
21%
Gallodoro
21%
Librizzi
21%
Longi
21%
Merì
21%
Montemaggiore Belsito
21%
Motta Camastra
21%
Santa Cristina Gela
21%
San Teodoro
21%
Sciara
21%
Villafranca Sicula
21%
Basicò
20%
Cassaro
20%
Frazzanò
20%
Godrano
20%
Malvagna
20%
Mazzarrà  Sant'Andrea
20%
Mirabella Imbaccari
20%
Mirto
20%
Mojo Alcantara
20%
Nissoria
20%
Roccafiorita
20%
Santa Caterina Villarmosa
20%
Saponara
20%
Sinagra
20%
Valledolmo
20%
Ventimiglia di Sicilia
20%
Antillo
19%
Camporotondo Etneo
19%
Fondachelli-Fantina
19%
Giardinello
19%
Montagnareale
19%
Roccamena
19%
San Michele di Ganzaria
19%
San Salvatore di Fitalia
19%
Terme Vigliatore
19%
Venetico
19%
Roccella Valdemone
18%
San Marco d'Alunzio
18%
Santa Domenica Vittoria
18%
Sperlinga
18%
Tripi
18%
Casalvecchio Siculo
17%
Castel di Iudica
17%
Gagliano Castelferrato
17%
Limina
17%
Mandanici
17%
Monforte San Giorgio
17%
Mongiuffi Melia
17%
Pagliara
17%
Reitano
17%
Gualtieri Sicaminò
16%
Roccavaldina
16%
Rodì Milici
16%
San Pier Niceto
16%
San Pietro Clarenza
16%
Graniti
15%
Valdina
15%

Distribuzione punteggi

Percentile per numero di risposta

Percentuale di utenti per punteggio

I tuoi punteggi nel tempo

Non hai fatto questo quiz